Tramway de Montpellier #2 - Statistiques

Statistiques générales
  • Ce quiz a été pris 58 fois
  • Le résultat moyen est 20 sur 28
Statistiques - réponses
Réponse % Correct
Comédie
97%
Gare Saint-Roch
94%
Corum
91%
Jacou
86%
Nouveau Saint-Roch
86%
Sabines
86%
Rondelet
83%
Notre-Dame de Sablassou
80%
Saint-Jean de Védas Centre
80%
Aiguelongue
74%
Beaux Arts
74%
Charles de Gaulle
74%
Croix d'Argent
74%
Lemasson
69%
Mas Drevon
69%
Victoire 2
69%
Saint-Jean le Sec
66%
Saint-Lazare
66%
La Condamine
60%
Saint-Cléophas
60%
Villeneuve d'Angoulême
60%
Georges Pompidou
57%
Via Domitia
57%
Centurions
54%
Aube Rouge
51%
Jeu de Mail des Abbés
51%
La Galine
49%
Clairval
43%
Aucun quiz correspondant
Distribution des résultats
% des personnes avec chaque résultat
Percentile par nombre de réponses
Votre historique - résultats
Vous n’avez pas pris ce quiz